MARC details
| 000 -LEADER |
| fixed length control field |
02310nmm a2200409 a 4500 |
| 008 - FIXED-LENGTH DATA ELEMENTS--GENERAL INFORMATION |
| fixed length control field |
190826s2001 ||||||||||||||||| ||eng u |
| 020 ## - INTERNATIONAL STANDARD BOOK NUMBER |
| International Standard Book Number |
9780750650540 |
| 020 ## - INTERNATIONAL STANDARD BOOK NUMBER |
| International Standard Book Number |
9780750650540 |
| 041 ## - LANGUAGE CODE |
| Language code of text/sound track or separate title |
eng |
| 050 ## - LIBRARY OF CONGRESS CALL NUMBER |
| Classification number |
TL 255 Rei |
| 100 ## - MAIN ENTRY--PERSONAL NAME |
| Personal name |
Reimpell, Jornsen |
| 245 14 - TITLE STATEMENT |
| Title |
The automotive chassis : engineering principles : chassis and vehicle overall, wheel suspensions and types of drive, axle kinematics and elastokinematics, steering, springing, tyres, construction and calculations advice. (2nd edition) |
| Statement of responsibility, etc. |
B Jörnsen Reimpell; Helmut Stoll; Jürgen W. Betzler ; translated from the German by AGET Limited. |
| Medium |
[website] |
| 250 ## - EDITION STATEMENT |
| Edition statement |
2nd edition |
| 260 ## - PUBLICATION, DISTRIBUTION, ETC. |
| Place of publication, distribution, etc. |
Oxford |
| Name of publisher, distributor, etc. |
Butterworth-Heinemann |
| Date of publication, distribution, etc. |
2001 |
| 300 ## - PHYSICAL DESCRIPTION |
| Extent |
x, 444 pages : illustrations |
| 338 ## - |
| -- |
online resource |
| -- |
rdacarrier |
| 350 ## - |
| -- |
115.00 |
| 500 ## - GENERAL NOTE |
| General note |
Includes bibliographical references (pages 422-423) and indexes.. |
| 505 ## - |
| -- |
Types of suspension and drive -- Tyres and wheels -- Wheel travel and elastokinematics -- Steering -- Springing -- Chassis and vehicle overall. |
| 650 ## - SUBJECT ADDED ENTRY--TOPICAL TERM |
| Topical term or geographic name entry element |
ENGINEERING |
| 650 ## - SUBJECT ADDED ENTRY--TOPICAL TERM |
| Topical term or geographic name entry element |
CHASSIS |
| 650 ## - SUBJECT ADDED ENTRY--TOPICAL TERM |
| Topical term or geographic name entry element |
AUTOMOBILES |
| 650 #7 - SUBJECT ADDED ENTRY--TOPICAL TERM |
| Topical term or geographic name entry element |
AUTOMOBILES--TRANSMISSIONS |
| Source of heading or term |
ram |
| 650 #0 - SUBJECT ADDED ENTRY--TOPICAL TERM |
| Topical term or geographic name entry element |
MOTOR VEHICLES--CHASSIS-DESIGN AND CONSTRUCTION |
| 650 ## - SUBJECT ADDED ENTRY--TOPICAL TERM |
| Topical term or geographic name entry element |
DESIGN AND CONSTRUCTION |
| 655 ## - |
| -- |
Electronic books |
| 700 ## - ADDED ENTRY--PERSONAL NAME |
| Personal name |
Betzler, Jurgen W |
| 700 ## - ADDED ENTRY--PERSONAL NAME |
| Personal name |
Stoll, Helmut |
| 995 ## - |
| -- |
MAIN LIBRARY OPEN ACCESS |
| -- |
749931 |
| -- |
CBU-MAIN LIBRARY (Kitwe) |
| -- |
115.00 |
| -- |
TL 255 Rei |
| -- |
5 |
| -- |
AVAILABLE |
| -- |
Aug 27, 2019 |
| -- |
749931 |
| -- |
Main Library Open Access Collection |
| 995 ## - |
| -- |
MAIN LIBRARY OPEN ACCESS |
| -- |
749723 |
| -- |
CBU-MAIN LIBRARY (Kitwe) |
| -- |
115.00 |
| -- |
TL 255 Rei |
| -- |
4 |
| -- |
AVAILABLE |
| -- |
Aug 26, 2019 |
| -- |
749723 |
| -- |
Main Library Open Access Collection |
| 995 ## - |
| -- |
MAIN LIBRARY OPEN ACCESS |
| -- |
749721 |
| -- |
CBU-MAIN LIBRARY (Kitwe) |
| -- |
115.00 |
| -- |
TL 255 Rei |
| -- |
2 |
| -- |
AVAILABLE |
| -- |
Aug 26, 2019 |
| -- |
749721 |
| -- |
Main Library Open Access Collection |
| 995 ## - |
| -- |
MAIN LIBRARY OPEN ACCESS |
| -- |
749720 |
| -- |
CBU-MAIN LIBRARY (Kitwe) |
| -- |
115.00 |
| -- |
TL 255 Rei |
| -- |
1 |
| -- |
AVAILABLE |
| -- |
Aug 26, 2019 |
| -- |
749720 |
| -- |
Main Library Open Access Collection |
| 995 ## - |
| -- |
MAIN LIBRARY OPEN ACCESS |
| -- |
749722 |
| -- |
CBU-MAIN LIBRARY (Kitwe) |
| -- |
115.00 |
| -- |
TL 255 Rei |
| -- |
3 |
| -- |
AVAILABLE |
| -- |
Aug 26, 2019 |
| -- |
749722 |
| -- |
Main Library Open Access Collection |
| 999 ## - |
| -- |
84481 |
| -- |
84481 |